Statistics for Norgesmestere i Sjakk

Click here to take the quiz!

General Stats

  • This quiz has been taken 2 times
  • The average score is 10 of 46

Answer Stats

#Vinner% Correct
1Magnus Carlsen
100%
9Simen Agdestein
100%
2Aryan Tari
50%
8Berge Østenstad
50%
1Erling Kristiansen
50%
3Erling Myhre
50%
1Espen Lie
50%
2Frode Olav Olsen Urkedal
50%
3Hans Christian Christoffersen
50%
2H. G. Hansen
50%
3Jon Ludvig Hammer
50%
2Kjetil Aleksander Lie
50%
1Kristian Stuvik Holm
50%
1Leif F. D. Lund
50%
5Leif Øgaard
50%
6Olaf Barda
50%
4Svein Johannessen
50%
1Aage Vestøl
0%
1A. M. Erichsen
0%
1Andreas Gulbrandsen
0%
1Arne S.B. Krogdahl
0%
2Arne V. Gulbrandsen
0%
2Arne Zwaig
0%
1Bjørn Tiller
0%
1Daan de Lange
0%
3Einar Gausel
0%
1Einar Haave
0%
2Ernst Rojahn
0%
1Eugen Johnsen
0%
1Frode Elsness
0%
1Harry Kongshavn
0%
4Jacob A. Brekke
0%
1Johan Salomon
0%
3Jonathan Tisdall
0%
1Jørgen Saurén
0%
1Josef Lilja
0%
2Knut J. Helmers
0%
1Oluf Kavlie-Jørgensen
0%
1Otto Birger Morcken
0%
2Paul Svedenborg
0%
1Per Ofstad
0%
3Ragnar Hoen
0%
1Roy H. Fyllingen
0%
1Sverre Heim
0%
1Terje Wibe
0%
2Trygve Halvorsen
0%

Score Distribution

Percentile by Number Answered

Percent of People with Each Score

Your Score History

You have not taken this quiz